ბათუმის შოთა რუსთაველის სახელმწიფო უნივერსიტეტის ბიბლიოთეკა

Appiani Historia romana : (ბიბ.ჩანაწერი № 61229)

000 -LEADER
fixed length control field 00869nam a22001817a 4500
005 - DATE AND TIME OF LATEST TRANSACTION
control field 20240109142252.0
008 - FIXED-LENGTH DATA ELEMENTS--GENERAL INFORMATION
fixed length control field 240109s1962 gr ||||| |||| 00| 0 grc d
041 ## - LANGUAGE CODE
Language code of text/sound track or separate title grc
080 ## - UNIVERSAL DECIMAL CLASSIFICATION NUMBER
Universal Decimal Classification number 94(37) A-67
245 ## - TITLE STATEMENT
Title Appiani Historia romana :
Remainder of title Vol. 1 : Prooemium Iberica, Annibaica, Libycas, Illurica, Syriaca, Mithridatica Fragmenta /
Statement of responsibility, etc. Appianus, of Alexandria ; ed. stereotypacorrectior addenda et corrigenda adiceit E. Gabba ; ediderunt P. Viereck et A.G. Roos.
264 ## - PRODUCTION, PUBLICATION, DISTRIBUTION, MANUFACTURE, AND COPYRIGHT NOTICE
Place of production, publication, distribution, manufacture Lipsiae :
Name of producer, publisher, distributor, manufacturer aedibus B. G. Teubneri,
Date of production, publication, distribution, manufacture, or copyright notice 1962.
300 ## - PHYSICAL DESCRIPTION
Extent 547 p. ;
Other physical details 21 cm.
653 ## - INDEX TERM--UNCONTROLLED
keyword ძველი რომის ისტორია
700 ## - ADDED ENTRY--PERSONAL NAME
Personal name Gabba, E.
Relator term რედაქტორი
9 (RLIN) 20982
700 ## - ADDED ENTRY--PERSONAL NAME
Personal name Viereck, Paul, 1865-1944
Relator term რედაქტორი
9 (RLIN) 20983
700 ## - ADDED ENTRY--PERSONAL NAME
Personal name Roos, A. G. (Antoon Gerard)
Relator term რედაქტორი
9 (RLIN) 20984
942 ## - ADDED ENTRY ELEMENTS (KOHA)
Source of classification or shelving scheme
Koha item type წიგნი
ეგზემპლარები
Withdrawn status Lost status Source of classification or shelving scheme Damaged status Not for loan Permanent Location Current Location Shelving location Date acquired Cost, normal purchase price Full call number Barcode Date last seen Copy number Uniform Resource Identifier Price effective from Koha item type Public note
          ბათუმის შოთა რუსთაველის სახელმწიფო უნივერსიტეტის მთავარი ბიბლიოთეკა ბათუმის შოთა რუსთაველის სახელმწიფო უნივერსიტეტის მთავარი ბიბლიოთეკა წიგნსაცავი 2024-01-09 10.00 94(37) A-67 65738 2024-01-09 65738 ბსუ-ს საპატიო დოქტორის გურამ ლორთქიფანიძის საჩუქარი 2024-01-09 წიგნი 10 ლ.